[Event "Alushta"]
[Site "Alushta"]
[Date "1993.??.??"]
[Round "?"]
[White "Morozevich, Alexander"]
[Black "Gleizerov, Evgeny"]
[Result "1-0"]
[WhiteElo "2440"]
[BlackElo "2555"]
[Annotator "Knaak,R"]
[PlyCount "81"]
[EventDate "1993.??.??"]
[EventType "tourn"]
[EventRounds "9"]
[EventCountry "UKR"]
[EventCategory "10"]
[SourceTitle "CBM 036"]
[Source "ChessBase"]
[SourceDate "1993.10.01"]
[SourceVersion "1"]
[SourceVersionDate "1993.10.01"]
[SourceQuality "1"]

1. e4 e6 2. d4 d5 3. Nc3 Nf6 4. e5 Nfd7 5. Nce2 c5 6. c3 Nc6 7. f4 Qb6 8. Nf3
f6 9. a3 Be7 10. f5 $6 $146 cxd4 (10... exf5 11. Nf4 fxe5 12. Nxd5 Qd8 13. dxe5
Ndxe5 14. Nxe5 Nxe5 15. Bf4 Bd6 16. Bb5+ Kf8 17. O-O $13) (10... fxe5 11. fxe6
Nf8 12. dxe5 Bxe6 13. Nf4 O-O-O 14. Nxe6 Nxe6 15. g3 $13) 11. fxe6 Ndxe5 12.
Nfxd4 Bc5 (12... Nxd4 13. Nxd4 Bxe6 14. Bb5+ Kf7 $44) 13. Nf4 Nxd4 $5 (13...
Bxd4 14. cxd4 Qxd4 15. Be2 O-O $15) 14. cxd4 Bxd4 15. Qa4+ Nc6 16. Bd3 g5 $1 (
16... Bf2+ 17. Kf1 Qc5 18. Bb5 $36) 17. Nh5 (17. Nxd5 Qd8 18. Nb4 Bxe6 19. Nxc6
bxc6 $17) 17... Kd8 (17... O-O 18. h4 $132) 18. h4 Bxe6 19. hxg5 fxg5 20. Bxg5+
Kd7 21. Nf6+ Kd6 22. Kd1 Rhf8 23. Rf1 Ne5 24. Be2 Qxb2 25. Rc1 Nc6 26. Rc2 Qb1+
27. Rc1 Qb2 28. Rc2 Qb1+ 29. Rc1 Qb6 30. Rf3 Be5 31. Be3 d4 32. Ne4+ Kc7 33.
Nc5 Bb3+ $5 (33... Bg4 $6 34. Rxf8 Bxe2+ 35. Kxe2 Rxf8 36. Ne6+ $13) 34. Nxb3
dxe3 35. Nc5 Rxf3 36. Bxf3 Rd8+ 37. Ke1 Rd6 38. Qe4 Rh6 39. Na6+ $5 (39. Qxe3)
39... bxa6 $4 (39... Kd8 40. Qd5+ Ke7 41. Nb4 Bg3+ (41... Qa5 $4 42. Rxc6 $18)
(41... Rh1+ $6 42. Ke2 Rxc1 43. Nxc6+ Rxc6 44. Qxe5+ Re6 45. Qg7+ Kd6 46. Qf8+
$13) 42. Ke2 Nd4+ 43. Kd3 Nxf3 44. gxf3 Qd6 45. Qxd6+ Rxd6+ 46. Kxe3 Re6+ 47.
Kd3 h5 $19) 40. Qxe5+ Kd7 (40... Kd8 41. Rd1+ Kc8 42. Qf5+ Kb7 43. Rd7+ Ka8 44.
Qf8+ Qb8 45. Rd8 $18) 41. Bg4+ 1-0

[Event "Horgen"]
[Site "Horgen"]
[Date "1995.10.22"]
[Round "2"]
[White "Kasparov, Garry"]
[Black "Timman, Jan H"]
[Result "1/2-1/2"]
[WhiteElo "2795"]
[BlackElo "2595"]
[Annotator "Knaak,R"]
[PlyCount "79"]
[EventDate "1995.10.??"]
[EventType "tourn"]
[EventRounds "11"]
[EventCountry "SUI"]
[EventCategory "17"]
[SourceTitle "CBM 050"]
[Source "ChessBase"]
[SourceDate "1996.02.01"]
[SourceVersion "1"]
[SourceVersionDate "1996.02.01"]
[SourceQuality "1"]

1. e4 e6 2. d4 d5 3. Nc3 Nf6 4. e5 {Die Konsequenzen dieses Zuges sind
weitreichend: Weiß hat nun kaum Möglichkeiten zu Alternativen.} Nfd7 5. f4 {
5.Nf3 gilt nicht als vorteilversprechend.} c5 6. Nf3 Nc6 7. Be3 cxd4 8. Nxd4
Bc5 9. Qd2 Bxd4 10. Bxd4 Nxd4 11. Qxd4 Qb6 {Mein Ding ist so eine Variante mit
Schwarz nicht; das nach 12.Qxb6 entstehende Endspiel gilt als ausgesprochen
remisverdächtig. Aber was soll Kasparov sagen, mit Weiß ist ja sein
Gewinninteresse noch größer.} 12. Qd2 $146 {Das ist seine Antwort. Aber große
Aussichten auf Vorteil vermag ich hier auch nicht zu entdecken.} Nc5 {
Eigentlich sehe ich nicht, was gegen das Schlagen auf b2 spricht:} (12... Qxb2
13. Rb1 Qa3 14. Bb5 (14. Nb5 Qxa2 15. Nd6+ (15. Qb4 a5 $1) 15... Kf8 16. Qb4 $2
(16. Rc1 $5) 16... a5 $1 $19) 14... Qe7 $15) 13. O-O-O Bd7 14. Qd4 a6 15. h4
O-O-O 16. Rh3 Bc6 {Möchte irgendwelchen taktischen Dingen in Verbindung mit d5
aus dem Wege gehen, aber 16...Kb8 mit der Idee 17...Rc8 wäre mehr nach meinem
Geschmack.} (16... Kb8 17. f5 Bc8 $13) 17. Ne2 Kb8 18. Rc3 Na4 19. Qxb6 Nxb6 {
Nun ist doch wieder das Endspiel entstanden. Weiß hat höchstens einen
hauchdünnen Vorteil.} 20. Nd4 Bd7 21. b3 Nc8 22. h5 Ne7 23. g4 Rdf8 {/\ f6 
(Timman)} 24. g5 h6 $1 25. Rh3 g6 26. hxg6 Nxg6 27. Rxh6 (27. gxh6 Nxf4 28. Rh4
Ng6 29. Rh5 f6 $17) 27... Nxf4 (27... Rxh6 28. gxh6 Rh8 29. Bd3 Rxh6 30. Bxg6
Rxg6 $10) 28. Bd3 Rhg8 (28... Rxh6 29. gxh6 Rh8 30. Rh1 Nxd3+ 31. cxd3 Kc7 32.
Nf3 Kd8 33. Ng5 Ke7 34. Rf1 Rxh6 35. Rxf7+ Ke8 $10) 29. Rg1 Rg7 30. Kd2 Rfg8
31. Bh7 (31. Nf3 Kc7 $10) 31... Rh8 32. Ke3 Rhxh7 33. Rxh7 Rxh7 34. Kxf4 Rh4+
35. Rg4 Rh1 36. Nf3 Rc1 37. Rg2 Kc7 (37... b5 $5 {/\ >< Pa2}) 38. a4 Kd8 39.
Rh2 Be8 40. Ke3 1/2-1/2

[Event "URS-ch58"]
[Site "Moscow"]
[Date "1991.??.??"]
[Round "2"]
[White "Kruppa, Yuri"]
[Black "Dokhoian, Yury"]
[Result "1/2-1/2"]
[WhiteElo "2485"]
[BlackElo "2545"]
[Annotator "Knaak,R"]
[PlyCount "80"]
[EventDate "1991.11.??"]
[EventType "swiss"]
[EventRounds "11"]
[EventCountry "URS"]
[SourceTitle "URS-ch"]
[Source "ChessBase"]
[SourceDate "1999.07.01"]
[SourceVersion "1"]
[SourceVersionDate "1999.07.01"]
[SourceQuality "1"]

1. e4 e6 2. d4 d5 3. Nc3 Nf6 4. e5 Nfd7 5. f4 c5 6. Nf3 Nc6 7. Be3 Qb6 8. Na4
Qa5+ 9. c3 c4 (9... b6 $5 10. a3 c4 11. b4 cxb3 12. Qxb3 Ba6 13. f5 Be7 14. g4
Rc8 15. Bd2 O-O 16. Nb2 Bxf1 17. Rxf1 Qa6 18. Qc2 $6 Nxd4 $1 19. Nxd4 Bh4+ 20.
Rf2 Nxe5 $17 {Kovacevic,A-Danielian/Leningrad/1991}) 10. b4 Qc7 11. Be2 b5 12.
Nc5 (12. Nb2 a5 13. a3 $10) 12... Nxc5 $5 13. dxc5 a5 14. a3 Be7 15. O-O O-O
$10 16. Qd2 Bd7 17. Rae1 axb4 18. axb4 Ra3 19. Nd4 Nxd4 20. Bxd4 Rfa8 21. Bf3
Ra2 22. Qe3 Qc6 23. g3 R8a6 24. h4 Qa8 25. h5 Bf8 26. Kh1 Rb2 27. Rf2 Rxf2 28.
Qxf2 Ra2 29. Re2 Rxe2 30. Qxe2 Be7 31. Qd2 Bc6 32. Kh2 Qd8 33. Bg4 g6 34. Qe2
Qa8 35. Bh3 Qa1 36. Qf3 Qb2+ 37. Bg2 Qb1 38. Kh3 Qe1 39. Bf2 Qd2 40. Bd4 Qe1
1/2-1/2

[Event "Linares 10th"]
[Site "Linares"]
[Date "1992.??.??"]
[Round "4"]
[White "Timman, Jan H"]
[Black "Bareev, Evgeny"]
[Result "1-0"]
[WhiteElo "2620"]
[BlackElo "2635"]
[Annotator "Knaak,R"]
[PlyCount "79"]
[EventDate "1992.02.??"]
[EventType "tourn"]
[EventRounds "13"]
[EventCountry "ESP"]
[EventCategory "17"]
[SourceTitle "CBM 028"]
[Source "ChessBase"]
[SourceDate "1992.06.01"]
[SourceVersion "1"]
[SourceVersionDate "1992.06.01"]
[SourceQuality "1"]

1. e4 e6 2. d4 d5 3. Nc3 Nf6 4. e5 Nfd7 5. f4 c5 6. Nf3 Nc6 7. Be3 a6 8. Qd2 b5
9. Ne2 {N} Bb7 10. g3 Rc8 11. Bh3 g6 12. O-O cxd4 13. Nexd4 Nc5 $10 14. Qe2
Nxd4 15. Nxd4 h5 16. a3 Ne4 17. Rf3 Bc5 18. Raf1 Bb6 19. c3 Rc4 20. f5 $1 {
Ohne dieses Opfer kann Weiß nur schlechter stehen.} gxf5 21. Bxf5 exf5 22. Rxf5
Bc8 $1 (22... Rc7 23. Qf3 Qe7 24. Rxh5 $44) 23. Rxf7 Bg4 24. Qd3 Rc7 25. R7f4
Rg8 26. Kh1 Qa8 (26... h4 $2 27. Rxg4 Rxg4 28. Ne6 $18) 27. e6 (27. Nxb5 $2
axb5 28. Qxb5+ Bd7 29. Qxb6 d4 $1 30. Qxc7 $2 (30. Kg1 Nxg3 31. Bxd4 Nh1+ $19)
30... Nf2+ 31. Kg1 Nh3#) 27... Re7 28. a4 bxa4 29. Qc2 Bxe6 30. Qxa4+ Bd7 31.
Qd1 Bg4 32. Qa4+ Bd7 33. Qd1 Kd8 $5 34. Qxh5 Kc7 35. Rf7 Bxd4 (35... Rge8 36.
Bf4+ Kc8 37. Rxe7 Rxe7 38. Be5 Kb7 $13) 36. Bf4+ $5 Kb6 $4 (36... Kd8 37. Rxe7
(37. cxd4 $2 Be8 38. Bc7+ Rxc7 39. Qh4+ Kc8 $19) 37... Nf2+ (37... Kxe7 38.
cxd4 $14) 38. Kg2 $5 (38. Kg1 Nh3+ 39. Kh1 Nf2+ $10) (38. Rxf2 $2 Bxf2 39.
Rxd7+ Kxd7 40. Qf7+ Kc6 41. Qe6+ Kb7 42. Qd7+ Kb6 43. Bc7+ (43. Qe6+ Qc6 $19)
43... Kc5 $17) 38... Bh3+ (38... Bc5 $2 39. Qf7 $1 Bh3+ (39... d4+ 40. Kxf2
dxc3+ 41. Ke1 Be8 (41... Bxe7 42. Qxg8+ Be8 43. bxc3 Qe4+ 44. Kd2 $18) 42. Bc7+
Kc8 43. Qe6+ Kb7 44. Be5+ $18) 40. Kg1 Ne4+ 41. Kh1 Nxg3+ (41... Rh8 42. Re8+
$1 Rxe8 43. Qc7#) 42. Bxg3 d4+ 43. Rf3 $18) 39. Kg1 Kxe7 (39... Bxf1 40. Qf7
$18 {/\ 41.Re8+! Rxe8 42.Qc7#}) 40. cxd4 (40. Re1+ Ne4+ 41. cxd4 Be6 $13) 40...
Bxf1 41. Qe5+ Kf7 42. Qf5+ Ke7 43. Bg5+ Rxg5 $10) 37. Rxe7 $18 Nf6 (37... Nf2+
38. Rxf2 Bxf2 39. Qf3 $18) 38. Qh4 Rh8 39. Bc7+ Kxc7 40. Qxd4 $138 {1.52/2.00}
(40. Qxd4 Ne4 41. Qe5+ Nd6 (41... Kc6 42. c4) 42. Rf6 Qc6 (42... d4+ 43. Kg1
Qc6 44. Qxd4 $18) 43. Rxd6 Qxd6 44. Rxd7+ Kxd7 45. Qxh8 $18) 1-0

[Event "Helsinki op"]
[Site "Helsinki"]
[Date "1992.??.??"]
[Round "1"]
[White "Arakhamia Grant, Ketevan"]
[Black "Gurevich, Mikhail"]
[Result "1-0"]
[WhiteElo "2435"]
[BlackElo "2625"]
[Annotator "Knaak,R"]
[PlyCount "67"]
[EventDate "1992.09.??"]
[EventType "swiss"]
[EventRounds "9"]
[EventCountry "FIN"]
[SourceTitle "CBM 032"]
[Source "ChessBase"]
[SourceDate "1993.02.01"]
[SourceVersion "1"]
[SourceVersionDate "1993.02.01"]
[SourceQuality "1"]

1. e4 e6 2. d4 d5 3. Nc3 Nf6 4. e5 Nfd7 5. f4 c5 6. Nf3 Nc6 7. Be3 cxd4 8. Nxd4
Bc5 9. Qd2 O-O 10. O-O-O Nxd4 11. Bxd4 a6 12. h4 b5 13. Rh3 b4 14. Na4 Bxd4 15.
Qxd4 Qa5 16. b3 Bb7 17. Rg3 (17. c3 Rfc8 18. Kb2 bxc3+ 19. Rxc3 Rxc3 20. Qxc3 {
Nijboer-Luther/Leeuwarden/1992} Qd8 21. Rc1 Rc8 22. Qb4 Qxh4 23. Qxb7 Qf2+ 24.
Ka3 Rxc1 25. Qxd7 g6 26. Bxa6 Ra1 $14 {Nijboer}) 17... Rfc8 18. Rd2 Bc6 19. f5
$5 {>< Pe5} Qc7 20. f6 g6 21. Qf4 Kh8 22. Re3 Bxa4 23. bxa4 $13 Nc5 (23... Rg8
$5) (23... Qa5 $5) 24. h5 Ne4 $4 (24... Rg8) 25. Rxe4 $1 dxe4 26. hxg6 fxg6 27.
f7 $18 Qe7 28. Rd7 $1 g5 29. Qf2 e3 30. Qf3 e2 31. Bxe2 g4 32. Qf4 Qh4 33. g3
Qh1+ 34. Kb2 1-0

[Event "Dresden Uhlmann"]
[Site "Dresden"]
[Date "1995.??.??"]
[Round "1"]
[White "Hort, Vlastimil"]
[Black "Knaak, Rainer"]
[Result "1-0"]
[WhiteElo "2565"]
[BlackElo "2540"]
[Annotator "Knaak,R"]
[PlyCount "55"]
[EventDate "1995.03.??"]
[EventType "tourn"]
[EventRounds "3"]
[EventCountry "GER"]
[EventCategory "12"]
[SourceTitle "CBM 046"]
[Source "ChessBase"]
[SourceDate "1995.06.01"]
[SourceVersion "1"]
[SourceVersionDate "1995.06.01"]
[SourceQuality "1"]

1. e4 e6 2. d4 d5 3. Nc3 Nf6 4. e5 Nfd7 5. Nce2 c5 6. c3 Nc6 7. Nf3 cxd4 8.
cxd4 f6 9. Nf4 Qe7 $5 (9... Bb4+ 10. Bd2 Qe7 11. Bxb4 Qxb4+ 12. Qd2 Qe7 $5 13.
exf6 Nxf6 14. Bd3 Ne4 $13) 10. exf6 Qxf6 11. a3 Bd6 (11... g6 $6 {/\ 12...Bg7
>< Pd4} 12. Qe2 $1) 12. Nh5 Qe7 13. Ng3 O-O 14. Bg5 Nf6 $1 $10 {/\ 15...e5.
Schwarz hat hier völlig ausgeglichen.} 15. Be2 $8 h6 (15... e5 16. dxe5 Nxe5
17. Nxe5 Bxe5 18. Qd2 h6 19. Be3 d4 20. Bxd4 Rd8 21. Bc5 Qc7 $44) 16. Bd2 Bd7 (
16... e5 17. dxe5 Bxe5 (17... Nxe5 18. O-O $14) 18. Nxe5 Qxe5 19. Rb1 $13) 17.
O-O a6 $2 (17... Be8 $10) (17... Ne4 18. Be3 Nxg3 {/\ 19...Be8=}) 18. Bd3 Ng4
$2 (18... Be8 $13) 19. Bc3 Qf6 $5 {Der Zug macht Platz für den Nc6, ist aber
riskant, weil der Ng4 keinen Rückzug hat. Der Trick 20.h3? Nxf2 wird nicht
immer gehen.} 20. Bc2 (20. h3 $2 Nxf2 $1 21. Kxf2 Qh4 $19) 20... Ne7 21. Qd3 g6
(21... Bb5 22. Qh7+ Kf7 23. Nh5 $18 Bxf1 24. Rxf1 Nf5 25. Bxf5 Qxf5 26. Qxg7+
Ke8 27. Qxb7 {....}) 22. a4 Rf7 $6 (22... h5) (22... b5 $5) 23. Qe2 $1 $16 h5
24. Bd2 $1 Bf4 $2 (24... Rc8 $5) (24... e5 $2 25. Ng5 Rff8 26. f3 Nh6 27. N5e4
$18) 25. h3 $18 Rh7 $6 (25... Nh6 26. Bxf4 Qxf4 27. Ne5 $18 h4 28. Nh1 Nef5 29.
Nxf7 Kxf7 {war ein besserer Versuch, im Trüben zu fischen.}) 26. Bxf4 Qxf4 27.
hxg4 h4 (27... hxg4 28. Ne5 $18) 28. Qe5 1-0

[Event "Santa Clara"]
[Site "Santa Clara"]
[Date "1991.??.??"]
[Round "10"]
[White "Diaz Diaz, Joaquin Carlos"]
[Black "Ulybin, Mikhail"]
[Result "1/2-1/2"]
[WhiteElo "2430"]
[BlackElo "2565"]
[Annotator "Knaak,R"]
[PlyCount "109"]
[EventDate "1991.02.??"]
[EventType "tourn"]
[EventRounds "13"]
[EventCountry "CUB"]
[EventCategory "9"]
[SourceTitle "CBM 026"]
[Source "ChessBase"]
[SourceDate "1992.02.01"]
[SourceVersion "1"]
[SourceVersionDate "1992.02.01"]
[SourceQuality "1"]

1. e4 e6 2. d4 d5 3. Nc3 Nf6 4. e5 Nfd7 5. f4 c5 6. Nf3 Nc6 7. Be3 a6 8. Qd2 b5
9. dxc5 Bxc5 10. Qf2 Qb6 11. Bxc5 Nxc5 12. Bd3 Rb8 13. O-O Na4 $5 14. Nxa4 {N}
(14. Nd1 Qxf2+ 15. Rxf2 O-O 16. Rb1 Bd7 17. Re2 Rfc8 $10 {Kolev-Moskalenko/
Odessa/1989}) 14... bxa4 15. b3 Bd7 $1 (15... axb3 16. axb3 $16 {>< Pa6}) 16.
Kh1 Qxf2 17. Rxf2 Rb6 18. Rd2 Ke7 $10 19. Kg1 f6 20. Re1 Nb4 21. Nd4 Nxa2 22.
bxa4 Nc3 23. f5 fxe5 24. fxe6 $1 exd4 25. exd7+ Kxd7 26. Bf5+ Kd6 27. Rxd4 Kc5
(27... Rf8 $1 28. Bd3 (28. Bxh7 $2 Ne2+ $1 29. Rxe2 Rb1+ $19) (28. Re6+ $2 Kc5
29. Rxb6 Ne2+ $19) (28. g4 $2 g6 29. Bd3 Kc5 $19) 28... a5 $1 $15) 28. Rd3 Nxa4
29. Ra3 Nb2 30. Rea1 g6 31. Bg4 Nc4 $6 (31... Ra8 32. Be2 Nc4 33. Bxc4 Kxc4 34.
Kf2 {=/=/+}) 32. Rxa6 Rxa6 33. Rxa6 Ne3 34. Bf3 Rd8 35. Ra7 h6 36. Kf2 Nf5 37.
Ra5+ Kc4 38. Be2+ Kc3 39. Bd3 Rf8 40. Kg1 Ne3 41. Rc5+ Kd2 42. Rc6 g5 43. Rxh6
Nxc2 44. Bxc2 Kxc2 45. Rd6 Rf5 46. g4 Re5 47. h4 Kd3 48. hxg5 Rxg5 49. Kf2 Ke4
50. Re6+ Kf4 51. Ke2 Rxg4 52. Kd3 Kf5 53. Re8 Re4 54. Rf8+ Ke5 55. Re8+ 1/2-1/2

[Event "Bahrain"]
[Site "Bahrain"]
[Date "1990.??.??"]
[Round "11"]
[White "Hakki, Imad"]
[Black "Abdelnabbi, Imed"]
[Result "0-1"]
[WhiteElo "2330"]
[BlackElo "2370"]
[Annotator "Knaak,R"]
[PlyCount "70"]
[EventDate "1990.??.??"]
[EventType "tourn"]
[EventRounds "11"]
[EventCountry "BAH"]
[EventCategory "7"]
[SourceTitle "CBM 020"]
[Source "ChessBase"]
[SourceDate "1991.02.01"]
[SourceVersion "1"]
[SourceVersionDate "1991.02.01"]
[SourceQuality "1"]

1. e4 e6 2. d4 d5 3. Nc3 Nf6 4. e5 Nfd7 5. f4 c5 6. Nf3 Nc6 7. Be3 a6 8. Qd2 b5
9. dxc5 Bxc5 10. Bxc5 Nxc5 11. Bd3 Qb6 12. Qf2 b4 13. Ne2 a5 14. O-O Rb8 $5 {N}
(14... Ba6) 15. Ned4 Nxd4 16. Nxd4 O-O 17. Kh1 (17. f5 $6 exf5 {>< e5}) 17...
f5 18. exf6 Rxf6 $15 19. Qe3 Ba6 20. Bxa6 Qxa6 21. Nf3 Ne4 22. a3 $2 bxa3 23.
b3 a4 24. Rfb1 axb3 25. Rxb3 Rxb3 26. Qxb3 Rxf4 27. Qxa3 Qxa3 28. Rxa3 h6 29.
g3 Rf8 30. Kg2 Rc8 31. Ra2 Nc3 32. Ra7 Nb5 33. Ra2 Rc3 34. Kf2 Kf7 35. Ne1 Nd4
0-1

[Event "Niksic"]
[Site "Niksic"]
[Date "1991.??.??"]
[Round "4"]
[White "Ziatdinov, Raset"]
[Black "Miljanic, Boro"]
[Result "0-1"]
[WhiteElo "2515"]
[BlackElo "2390"]
[Annotator "Knaak,R"]
[PlyCount "78"]
[EventDate "1991.04.??"]
[EventType "tourn"]
[EventRounds "13"]
[EventCountry "YUG"]
[EventCategory "9"]
[SourceTitle "CBM 024"]
[Source "ChessBase"]
[SourceDate "1991.10.01"]
[SourceVersion "1"]
[SourceVersionDate "1991.10.01"]
[SourceQuality "1"]

1. e4 e6 2. d4 d5 3. Nc3 Nf6 4. e5 Nfd7 5. f4 c5 6. Nf3 Nc6 7. Be3 a6 8. Qd2 b5
9. dxc5 (9. h4 Bb7 $1 {Anand-Dreev/Madras ct/1991/CBM22}) 9... b4 $5 10. Na4 (
10. Nd1 Nxc5 11. Bd3 Bb7 (11... Nxd3+ $1 12. cxd3 (12. Qxd3 a5 {/\ Ba6}) 12...
d4 13. Bf2 Qd5 $15) 12. O-O $13 {Kamsky-Lautier/New York op/1991/CBM23}) 10...
Qa5 11. Nb6 Rb8 $1 {N} (11... Nxb6 12. cxb6 Bc5 13. Bxc5 Qxc5 14. O-O-O Qxb6
15. h4 $14 {Ziadinov-Glek/Kusadasi/1990/i49/(328)}) 12. Nxd7 (12. Nxc8 Rxc8 13.
Bd3 Bxc5 14. O-O Bxe3+ 15. Qxe3 Qc5 {=/=/+}) 12... Bxd7 13. Bd3 Bxc5 $1 14.
Bxc5 Qxc5 15. Bxa6 O-O $44 16. Qf2 Qxf2+ 17. Kxf2 f6 18. Rhe1 g5 19. exf6 gxf4
20. Ne5 Nxe5 21. Rxe5 Rxf6 22. Bd3 Kf7 $15 23. b3 Rh6 24. Kf3 (24. h3 Kf6 25.
Rae1 Ra8 26. Kf3 Rh4 $17) 24... Rxh2 25. Kxf4 Rxg2 26. Rh5 Kf6 27. Rh6+ Ke7 28.
a4 Rbg8 29. Rf1 R8g4+ 30. Kf3 R4g3+ 31. Kf4 Kd6 32. Rf2 Rg1 33. Rf3 Rg4+ 34.
Ke3 Kc5 35. Rxh7 d4+ 36. Ke2 Bc6 37. Rh5+ Kd6 38. Rf2 R4g3 39. Kd2 Re3 (39...
Re3 40. Be2 (40. Rh4 Kc5 41. Rh5+ e5 42. Rff5 Rg2+ $17) 40... Be4 {/\ Rc3}) (
39... Bf3 $1 $19) 0-1

[Event "EU-Cup 21st"]
[Site "Saint Vincent"]
[Date "2005.09.20"]
[Round "3.2"]
[White "Zhigalko, Andrey"]
[Black "Hertneck, Gerald"]
[Result "1-0"]
[WhiteElo "2526"]
[BlackElo "2539"]
[Annotator "Kortschnoj,V"]
[PlyCount "99"]
[EventDate "2005.09.18"]
[EventType "team-swiss"]
[EventRounds "7"]
[EventCountry "ITA"]
[SourceTitle "CBM 110"]
[Source "ChessBase"]
[SourceDate "2006.01.31"]
[SourceVersion "1"]
[SourceVersionDate "2006.01.31"]
[SourceQuality "1"]
[WhiteTeam "Minsk Vesnianka"]
[BlackTeam "Schwarzach"]
[WhiteTeamCountry "UKR"]
[BlackTeamCountry "AUT"]

1. e4 {Finkel,A} e6 2. d4 d5 3. Nc3 Nf6 4. e5 Nfd7 5. f4 c5 6. Nf3 Nc6 7. Be3
Rb8 {This is a relatively new way to treat this position. Thousand of games
had been played with the continuation 7...a6 8.Qd2 b5.} 8. Qd2 Qa5 9. Bd3 {
A provocative move. But it has some logic - in case of 9...b5 10.dxc5 b4 he
will put the knight to e2 and eventually to d4.} c4 {Okay, challenge is
accepted!} 10. Be2 b5 11. O-O b4 12. Nd1 h5 13. b3 {White is going to play Nf2
and does not want to allow black to open the b-file after c4-c3.} (13. Bf2 {
Finkel,A} Ba6 14. f5 c3 15. bxc3 bxc3 16. Qe3 (16. Nxc3 Bb4 17. Bxa6 Bxc3 18.
Qd3 Bxa1 19. fxe6 fxe6 20. Rxa1 $44) 16... Bxe2 17. Qxe2 $36) 13... Nb6 14. Nf2
Ba6 15. Nh3 {It seems, the guy, who is playing White does not feel the value
of time in chess. This knight made 9 moves in the game! 15.g3, followed by
h2-h3 and g3-g4 would look more natural.} c3 16. Qe1 Bxe2 17. Qxe2 Ne7 $1 18.
Nhg5 (18. a3 $5 {Finkel,A} bxa3 19. Ra2 Nf5 20. Rfa1 Nxe3 21. Qxe3 g6 $13)
18... Nbc8 $1 19. g3 ({Perhaps, white wanted to sacrifice a piece here:} 19.
Nxf7 Kxf7 20. Ng5+ Kg8 21. Nxe6 {, but then rightfully changed his mind.})
19... Rb6 20. Bf2 Qa6 21. Qd1 Nf5 22. Ne1 {The move is more or less forced.
Because h2-h3 would cost a piece after f7-f6.} (22. h3 $2 {Finkel,A} f6 {
[%csl Rg5]} 23. g4 hxg4 24. hxg4 Nfe7 $17) 22... Nce7 23. Ng2 {And this move,
arranging coordination of pieces, is also forced.} ({Because, say, after} 23.
h3 Nc6 24. g4 $2 hxg4 25. hxg4 {Black was winning by} Rh1+ $1) 23... Nc6 24.
Nf3 ({Again, not} 24. h3 Rb5 25. g4 hxg4 26. hxg4 Nfxd4 $1) 24... Rb5 {Black
is very consequent with his assault on the queen side. Frankly speaking, he
hardly has any other active plan.} 25. h3 Ra5 26. g4 hxg4 27. hxg4 Nfe7 (27...
Nh6 {Finkel,A} 28. Ne3 Rxa2 29. Rxa2 Qxa2 30. f5 Qa6 31. Kg2 $44) 28. Ne3 ({
Here white could try} 28. a4 bxa3 29. Be1 (29. Qe1 $5) 29... Rh1+ 30. Kxh1
Qxf1+ 31. Kh2 Nb4 32. Ne3 Qb5 33. Bxc3 {with about equal play.}) 28... Rxa2 29.
Rxa2 Qxa2 30. f5 {White is playing without a clear plan. 30.Qd3, preventing
the retreat of the black queen and preparing f4-f5, then Ng5 and Ng2-f4 was
better.} Qa6 31. Ng5 {This knight will soon move back. The young man has to
study Kasparov's games: when a piece is moving for an attack - it will not
retreat!} Nd8 32. Qf3 Nec6 {Being not so consequent, as the man, who plays
this game, I would use, perhaps, this moment on order to get counterplay along
the h-file.} ({Although after} 32... exf5 33. gxf5 Qh6 34. Qg2 f6 35. Nf3 {
White would retain the dangerous initiative.}) 33. Qf4 Qb7 (33... Be7 {Finkel,A
} 34. f6 Bf8) 34. Nf3 a5 {Black is consequently developing his initiative on
the queen side, plays so calm, like nothing happens on the opposite wing of
the board. I would consider here a removal of the king from the dangerous zone
with 33...Kd7!?} 35. g5 Qd7 36. g6 fxg6 ({Here, I believe} 36... exf5 {leads
to an obvious advantage for Black. But the move in the text is also not bad.})
37. fxg6 Ne7 38. Nh4 {Don't you see, dear reader, that the white pieces are
clumsy located?! I do.} a4 {Unbelievable coldbloodness! After 38...Qc7, then
Kd7-c8 and finally some knight to c6 White would not be able to create many
threats to the opponent.} 39. Bg3 a3 40. Ng4 Qa7 41. Nf6+ gxf6 42. exf6 Rxh4 $6
(42... Nec6 {Finkel,A} 43. Kg2) 43. f7+ Kd7 44. Qd6+ Kc8 45. Bxh4 Qxd4+ 46. Bf2
Qg4+ 47. Bg3 e5 $6 (47... Kb7 {Finkel,A} 48. Qb8+ Ka6 49. Qa8+ Kb5 50. Qb8+ Kc5
$11) 48. Qxe5 Ne6 $2 (48... Kb7 {Finkel,A} 49. Qc7+ Ka6 50. Rf6+ Ndc6 51. Rxc6+
Nxc6 52. Qxc6+ Ka7 $132) 49. Qb8+ Kd7 50. Qe8# 1-0